Installations and experimental printmaking
Saved in:
| Main Author: | |
|---|---|
| Format: | Book |
| Language: | English |
| Published: |
London :
Bloomsbury,
2012
|
| Series: | Printmaking handbooks
|
| Subjects: | |
| Tags: |
Add Tag
No Tags, Be the first to tag this record!
|
MARC
| LEADER | 00000nam a2200000 i 4500 | ||
|---|---|---|---|
| 001 | 1/36218 | ||
| 008 | 130905s2012 eng d | ||
| 020 | |a 978-07136-8807-8 | ||
| 035 | |l 10115601 | ||
| 040 | |a GR-MY-UA |b gre |e aacr | ||
| 041 | 0 | |a eng | |
| 082 | 0 | |a 760.28 |2 (22) | |
| 100 | 1 | |a Tala, Alexia. | |
| 245 | 1 | 0 | |a Installations and experimental printmaking / |c Alexia Tala |
| 260 | |a London : |b Bloomsbury, |c 2012 | ||
| 300 | |a 112 σ.; |b έγχρ. εικ.; |c 24 εκ. | ||
| 490 | 1 | |a Printmaking handbook | |
| 504 | |a Βιβλιογραφία: σ. 108. Ευρετήριο | ||
| 650 | 0 | 0 | |a Prints |x Technique. |
| 650 | 0 | 0 | |a Installations (Art) |
| 830 | 0 | |a Printmaking handbooks | |
| 852 | |a INST |b SYROS |e 20130905 |h 760.28 TAL |p 005500010986 |q 005500010986 |t BK |y 0 | ||
| 901 | |a BIBL5-2013-1 | ||
| 909 | |a Ε |b 179478 | ||
| 922 | |a 5ΕΛΗ |b 201306 |c ΒΙΒΛΙΟΘΗΚΗ ΣΥΡΟΥ |d ΔΙΑΔΡΟΜΕΣ | ||
| 970 | |a ΚΟΝΤΟΥ |b ΠΑΡΑΣΚΕΥΗ |z 2013/09/05 | ||